[Event "Titled Tuesday intern op 16th Jul Late"]
[Site "Chess.com INT"]
[Date "2024.07.16"]
[Round "2"]
[White "King Rodriguez, Os Misael"]
[Black "Wael Sabry, Mina"]
[Result "0-1"]
[WhiteElo "2005"]
[BlackElo "2045"]
[PlyCount "102"]
[EventDate "2024.07.16"]
[EventType "swiss (blitz)"]
[EventRounds "11"]
[EventCountry "USA"]
[SourceTitle "EXT 2025"]
[Source "ChessBase"]
[SourceDate "2024.10.14"]
[SourceVersion "1"]
[SourceVersionDate "2024.10.14"]
[SourceQuality "1"]

1. b3 b6 2. Bb2 Bb7 3. e3 a5 4. a3 a4 5. b4 Nf6 6. Nf3 e6 7. Be2 Be7 8. 0-0 0-0 9. c4 d5 10. d3 c5 11. b5 dxc4 12. dxc4 Nbd7 13. Nc3 Qc7 14. Nxa4 Rfd8 15. Qb3 Ne4 16. Nc3 Ndf6 17. Nxe4 Nxe4 18. a4 f5 19. Rfd1 g5 20. Ne5 g4 21. Nd3 Bd6 22. g3 h5 23. Nf4 h4 24. Nxe6 Qh7 25. Nxd8 Rxd8 26. Be5 hxg3 27. fxg3 Qe7 28. Bxd6 Nxd6 29. Qd3 Kg7 30. Bf1 Bf3 31. Qc3+ Kg6 32. Rd2 Ne4 33. Rxd8 Nxc3 34. Rd3 Ne4 35. a5 bxa5 36. Rxa5 Qh7 37. Bg2 Bxg2 38. Kxg2 Qh3+ 39. Kg1 Nxg3 40. hxg3 Qxg3+ 41. Kf1 Qf3+ 42. Ke1 g3 43. Ra6+ Kg5 44. Rd8 Qxe3+ 45. Kd1 Qb3+ 46. Kd2 Qxc4 47. Rd3 Qf4+ 48. Kc2 g2 49. Ra8 Qf2+ 50. Kb3 g1Q 51. Rf8 Qb1+ 0-1

[Event "Titled Tuesday intern op 16th Jul Early"]
[Site "Chess.com INT"]
[Date "2024.07.16"]
[Round "2"]
[White "Toman, Ondrej"]
[Black "King Rodriguez, Os Misael"]
[Result "1-0"]
[WhiteElo "2279"]
[BlackElo "2005"]
[PlyCount "61"]
[EventDate "2024.07.16"]
[EventType "swiss (blitz)"]
[EventRounds "11"]
[EventCountry "USA"]
[SourceTitle "EXT 2025"]
[Source "ChessBase"]
[SourceDate "2024.10.14"]
[SourceVersion "1"]
[SourceVersionDate "2024.10.14"]
[SourceQuality "1"]

1. d4 Nf6 2. Bg5 e6 3. e4 h6 4. Bxf6 Qxf6 5. c3 d6 6. Bd3 b6 7. Ne2 Bb7 8. 0-0 Nd7 9. Nd2 e5 10. f4 Qe7 11. a4 a5 12. Qc2 0-0-0 13. b4 axb4 14. cxb4 d5 15. Rfc1 Nb8 16. fxe5 Rd7 17. Bb5 c6 18. exd5 Rxd5 19. Nc4 Kc7 20. Ne3 Qd7 21. Nxd5+ Qxd5 22. Bc4 Qd7 23. Rf1 f6 24. a5 b5 25. Bxb5 Bxb4 26. a6 Nxa6 27. Bxa6 fxe5 28. Bxb7 exd4 29. Bxc6 Qxc6 30. Rf7+ Kd6 31. Qg6+ 1-0

[Event "Titled Tuesday intern op 09th Jul Early"]
[Site "Chess.com INT"]
[Date "2024.07.09"]
[Round "1"]
[White "Ahmad, Khagan"]
[Black "King Rodriguez, Os Misael"]
[Result "1-0"]
[WhiteElo "2404"]
[BlackElo "2005"]
[PlyCount "87"]
[EventDate "2024.07.09"]
[EventType "swiss (blitz)"]
[EventRounds "11"]
[EventCountry "USA"]
[SourceTitle "EXT 2025"]
[Source "ChessBase"]
[SourceDate "2024.10.14"]
[SourceVersion "1"]
[SourceVersionDate "2024.10.14"]
[SourceQuality "1"]

1. Nf3 d5 2. d4 Nf6 3. c4 e6 4. g3 Be7 5. Bg2 0-0 6. 0-0 a5 7. Qc2 Na6 8. a3 b6 9. cxd5 exd5 10. Ne5 Bb7 11. Nc6 Qe8 12. Nxe7+ Qxe7 13. Nc3 Rac8 14. Bg5 c5 15. Rad1 h6 16. Bxf6 Qxf6 17. Bxd5 Bxd5 18. Nxd5 Qd6 19. dxc5 Rxc5 20. Qb3 Qe6 21. Qf3 Rc2 22. Nf4 Qa2 23. Qd3 Qc4 24. Qxc4 Rxc4 25. Rc1 Rfc8 26. Nd3 b5 27. f3 Nc5 28. Rxc4 bxc4 29. Nxc5 Rxc5 30. Rc1 a4 31. Kf2 Kf8 32. g4 Ke7 33. h4 Kd6 34. f4 Kd5 35. Kf3 Rb5 36. Rc2 Kd4 37. e3+ Kd5 38. Rd2+ Kc5 39. Rd7 Rxb2 40. Rxf7 Rb6 41. Rxg7 c3 42. Rc7+ Rc6 43. Rxc6+ Kxc6 44. Ke2 1-0

[Event "Titled Tuesday intern op 09th Jul Early"]
[Site "Chess.com INT"]
[Date "2024.07.09"]
[Round "6"]
[White "Hovakimyan, Vache"]
[Black "King Rodriguez, Os Misael"]
[Result "0-1"]
[WhiteElo "2167"]
[BlackElo "2005"]
[PlyCount "78"]
[EventDate "2024.07.09"]
[EventType "swiss (blitz)"]
[EventRounds "11"]
[EventCountry "USA"]
[SourceTitle "EXT 2025"]
[Source "ChessBase"]
[SourceDate "2024.10.14"]
[SourceVersion "1"]
[SourceVersionDate "2024.10.14"]
[SourceQuality "1"]

1. d4 Nf6 2. Nf3 e6 3. c4 d5 4. Nc3 c6 5. Bg5 Nbd7 6. e3 Qa5 7. cxd5 Nxd5 8. Qb3 Bb4 9. Rc1 0-0 10. a3 Bd6 11. Be2 Nxc3 12. Qxc3 Qxc3+ 13. Rxc3 Nb6 14. 0-0 Bd7 15. e4 f6 16. Be3 Rad8 17. Rd1 Bc7 18. h3 f5 19. Bg5 Rde8 20. e5 Nd5 21. Rcc1 Bb6 22. Bc4 f4 23. Bxd5 exd5 24. g3 fxg3 25. Rd3 gxf2+ 26. Kxf2 Bxh3 27. Kg3 Bf5 28. Rb3 Be4 29. Bf4 h6 30. Rd1 Rf7 31. Bc1 Bc2 32. Rdd3 Bxb3 33. Rxb3 Kh7 34. a4 g5 35. Be3 Ref8 36. Ne1 Rf1 37. Bd2 Bxd4 38. e6 Be5+ 39. Kg4 Rg1+ 0-1

[Event "Titled Tuesday intern op 09th Jul Late"]
[Site "Chess.com INT"]
[Date "2024.07.09"]
[Round "4"]
[White "Jegorovas, Aleksandras"]
[Black "King Rodriguez, Os Misael"]
[Result "1-0"]
[WhiteElo "2270"]
[BlackElo "2005"]
[PlyCount "53"]
[EventDate "2024.07.09"]
[EventType "swiss (blitz)"]
[EventRounds "11"]
[EventCountry "USA"]
[SourceTitle "EXT 2025"]
[Source "ChessBase"]
[SourceDate "2024.10.14"]
[SourceVersion "1"]
[SourceVersionDate "2024.10.14"]
[SourceQuality "1"]

1. e4 e5 2. Nf3 Nc6 3. Bb5 a6 4. Ba4 Nf6 5. Qe2 d6 6. c3 Bg4 7. h3 Bh5 8. d3 Be7 9. Nbd2 0-0 10. Nf1 b5 11. Bb3 d5 12. g4 dxe4 13. dxe4 Bg6 14. Ng3 Na5 15. Bc2 Nc4 16. Nf5 Bd6 17. h4 Nxg4 18. Rg1 h5 19. Ng5 Qd7 20. Rxg4 hxg4 21. Qxg4 Bxf5 22. exf5 e4 23. Bxe4 f6 24. Bd5+ Rf7 25. Bxf7+ Kf8 26. Be6 Qe7 27. Qh5 1-0